[Event "EU-ch Hybrid U10"]
[Site "Tornelo INT"]
[Date "2021.10.15"]
[Round "7"]
[White "Buchinger, Alexis"]
[Black "Williams, Oscar"]
[Result "1-0"]
[WhiteElo "1614"]
[BlackElo "1405"]
[PlyCount "43"]
[EventDate "2021.10.15"]
[EventType "swiss"]
[EventRounds "9"]
[EventCountry "NET"]
[SourceTitle "EXT 2023"]
[Source "ChessBase"]
[SourceDate "2022.10.05"]
[SourceVersion "1"]
[SourceVersionDate "2022.10.05"]
[SourceQuality "1"]
[WhiteTeam "Germany"]
[BlackTeam "Israel"]
[WhiteTeamCountry "GER"]
[BlackTeamCountry "ISR"]

1. e4 c5 2. Nf3 d6 3. d4 cxd4 4. Nxd4 Nf6 5. Nc3 Nc6 6. f3 e5 7. Nb3 Be6 8. Bg5 Be7 9. Qd2 a6 10. 0-0-0 Qd7 11. Bxf6 gxf6 12. Nd5 Rd8 13. Qh6 f5 14. Nf6+ Bxf6 15. Qxf6 Rf8 16. exf5 Bxb3 17. axb3 Nd4 18. Rxd4 exd4 19. Bxa6 Rg8 20. Re1+ Kf8 21. Qh6+ Rg7 22. f6 1-0